Library Banner

Medical-surgical nursing : (Record no. 139847)

MARC details
000 -LEADER
fixed length control field 00479nam a22001577a 4500
005 - DATE AND TIME OF LATEST TRANSACTION
control field 20260223105204.0
008 - FIXED-LENGTH DATA ELEMENTS--GENERAL INFORMATION
fixed length control field 260223b |||||||| |||| 00| 0 eng d
020 ## - INTERNATIONAL STANDARD BOOK NUMBER
International Standard Book Number 978323749640 (hbk)
040 ## - CATALOGING SOURCE
Transcribing agency PK-LaUMT
082 ## - DEWEY DECIMAL CLASSIFICATION NUMBER
Classification number 617.0231
Item number MED-
245 ## - TITLE STATEMENT
Title Medical-surgical nursing :
Remainder of title concepts for interprofessional collaborative care /
Statement of responsibility, etc by Donna D. Ignatavicius . . . [et al.]
250 ## - EDITION STATEMENT
Edition statement 10th ed.
260 ## - PUBLICATION, DISTRIBUTION, ETC. (IMPRINT)
Place of publication, distribution, etc Missouri :
Name of publisher, distributor, etc Elsevier,
Date of publication, distribution, etc 2021
300 ## - PHYSICAL DESCRIPTION
Extent 1523 p.
942 ## - ADDED ENTRY ELEMENTS (KOHA)
Koha item type Books
Holdings
Withdrawn status Lost status Damaged status Home library Current library Date acquired Full call number Barcode Date last seen Price effective from Koha item type
      UMT Health Sciences Campus UMT Health Sciences Campus 2026-02-23 617.0231 MED- 151981 2026-02-23 2026-02-23 Books